000 01503nam a2200253 i 4500
003 DO-SdBNP
005 20230413092620.0
006 a|||||r|||| 00| 0
007 ta
008 230412q1949 dr ao||gr|||| 001 e spa d
040 _aDO-SdBNP
_bspa
_cBNPHU
_erda
082 4 _222
_bB982u
245 1 3 _aUna satrapía en el caribe :
_bhistoria puntual de la mala vida del déspota Rafael Leonidas Trujillo /
_cGragorio R. Bustamante
246 1 4 _aUna satrapía en el caribe :
_bsus curas y sus guardias
264 _aSanto Domingo :
_bCentral del Libro, C por A.
_c¿1949?
300 _a246 páginas :
_bIlustraciones, fotografías ,
_c20 cm.
336 _2rdaconten
_atexto
_btxt
337 _2rdamedia
_asin medición
338 _2rdacarrier
_avolumen
_bnc
505 _aDedicatoria.
505 _aAdvertencia indispensable
_tCapítulo I.- La familia de los Trujillo.--
_tCapítulo II.- La familia de Chapita.--
_tCapítulo III.- Los que rodean al Sátrapa: alcahuetes, bufones, lacayos y aduladores.--
_tCapítulo IV.- Tretas de que se valió el megalománico Trujillo para captar el poder.--
_tCapítulo V.- Cómo se sostiene el Sátrapa.--
_tCapítulo VI.- La ferocidad más que neroniana del mulato Chapita.--
_tCapítulo VII.- Inexistencai de los Poderes Legislativos y Judicial y trasiegos burocráticos.--
_tCapítulo VIII.- Un régimen monopolista.--
_tCapítulo IX.- La política intencional del tirano.--
_tDocumentos y noticias corroboradores.
590 _aInventariado 2023 / MF
942 _2ddc
_cLBS1
999 _c53215
_d53215